| 000 | 00765nam a22002537a 4500 | ||
|---|---|---|---|
| 003 | BCEG | ||
| 005 | 20250723162106.0 | ||
| 008 | 250723s2010 mx|||||| |||| 00| 0 spa d | ||
| 020 | _a9786077662006 | ||
| 040 |
_aBCEG _bspa _cBCEG |
||
| 082 | 0 | 4 |
_a720.97248 _bC355p |
| 100 | 1 |
_aCastro Morales, Efraín, _d1936-. |
|
| 245 | 1 | 0 |
_aPuebla _b: patrimonio recuperado. |
| 260 |
_aPuebla, Puebla : _bFundación Mary Street Jenkins, _c2010. |
||
| 300 |
_a199 p. _b: fots. |
||
| 504 | _aIncluye bibliografía. | ||
| 541 | _aDonación. | ||
| 650 | 1 | 4 |
_aPatrimonio arquitectónico _xHistoria _zPuebla (México). |
| 700 |
_aHurtado, Juan Miguel, _eed. |
||
| 700 | 1 |
_aLazo, Norma, _ecoord. |
|
| 700 | 1 |
_aCalderwood, Michael, _efot. |
|
| 942 | _cBK | ||
| 999 |
_c436467 _d436467 |
||